| 000 | 00998cam a2200289Ia 4500 | ||
|---|---|---|---|
| 001 | 40320 | ||
| 005 | 20230410132838.0 | ||
| 008 | 070703s1964 sp abo 000 0aspa d | ||
| 035 | _a(OCoLC)ocn151610025 | ||
| 040 |
_aDRFGD _bspa _cDRFGD |
||
| 041 | 1 |
_aspa _heng |
|
| 050 | 1 | 4 |
_aB DA 69.3 _bA375m 1964 |
| 049 | _aGRAL | ||
| 100 | 1 |
_aAlexander de Túnez, Harold Rupert Leofric George Alexander, _cEarl, _d1891-1969. |
|
| 245 | 1 | 0 |
_aMemorias / _cMariscal Alexander, Conde de Túnez. |
| 250 | _a1a ed. | ||
| 260 |
_aBarcelona : _bLuis de Caralt Editor, _c1964. |
||
| 300 |
_a262 p. : _bil., fot., map. |
||
| 440 | 3 | _aLa vida vivida. | |
| 500 | _aIncluye índice. | ||
| 500 | _aTraducido de: The memoirs of field - Marshal Earl Alexander. | ||
| 600 | 1 | 0 |
_aAlexander of Tunis, Harold Rupert Leofric George Alexander, _cEarl, _d1891-1969. |
| 650 | 0 |
_aGreat Britain _xHistory, Military _y20th century. |
|
| 650 | 0 |
_aMarshals _zGreat Britain _vBiography. |
|
| 942 |
_2lcc _cbk |
||
| 994 |
_aC0 _bDRFGD |
||
| 999 |
_c88819 _d88819 |
||